| 000 | 00388pam a2200157a 44500 | ||
|---|---|---|---|
| 008 | 230515b2006 xxu||||| |||| 00| 0 eng d | ||
| 020 | _aNULL | ||
| 041 | _aENGLISH | ||
| 082 | _a4.65 | ||
| 100 | _aTAUB HERBERT | ||
| 245 | _aPRINCIPLES OF COMMUNICATION SYSTEMS | ||
| 250 | _a2 | ||
| 260 |
_aDELHI _bTAT MCGRAW-HILL PUBLISHING COMPANY LIMITED _c2006 |
||
| 300 | _a759 | ||
| 650 | _aNULL | ||
| 999 |
_c658233 _d658233 |
||